[Event "HCL-E031"]
[Site "www.playchess.de"]
[Date "2001.04.08"]
[Round "4"]
[White "klypp"]
[Black "Sith"]
[WhiteElo "2132"]
[BlackElo "2000"]
[PlyCount "61"]
[Result "1/2-1/2"]

1.e4 e6 2.d4 d5 3.Nd2 a6 4.Ngf3 Nf6 5.Bd3 c5 6.c3 
Nc6 7.O-O Qb6 8.exd5 Nxd5 9.Nc4 Qc7 10.Re1 Bd7 
11.Ne3 Nxe3 12.Bxe3 cxd4 13.Nxd4 Bd6 14.Qh5 O-O-O 
15.b4 g6 16.Qe2 Nxd4 17.cxd4 Bc6 18.Rec1 Bxh2+ 
19.Kf1 Kb8 {Hello Klypp, I offer draw}  20.a4 
{Hello and thanks for the draw offer. However, we 
can't stop here! I need to see how this ends up!}  
Qe7 21.b5 Bd5 22.bxa6 Bd6 23.Qd2 Qh4 24.Bg5 Qh1+ 
25.Ke2 Qxg2 26.Bxd8 Qf3+ 27.Ke1 Rxd8 28.Qa5 Qh1+ 
29.Bf1 Qe4+ 30.Be2 Qh1+ 31.Bf1 1/2-1/2

[Event "HCL-B194"]
[Site "www.playchess.de"]
[Date "2001.04.08"]
[Round "2"]
[White "Sturk"]
[Black "Blocus"]
[WhiteElo "1621"]
[BlackElo "1200"]
[PlyCount "46"]
[Result "0-1"]

1.e4 {Hi, I hope we have a good game}  d6 {I hope 
so too!}  2.d4 Nf6 3.Nc3 Nbd7 4.Bc4 e5 5.Nf3 Be7 
6.O-O h6 7.Be3 c6 8.dxe5 dxe5 9.h3 Qc7 10.Qd2 b5 
11.Bd3 g5 12.Nh2 Nf8 13.Qe2 Ng6 14.Qd2 Nf4 15.Ne2 
Be6 16.Ng3 Rd8 17.a3 Qc8 18.Bxf4 gxf4 19.Ne2 Bxh3 
20.Nc3 Rg8 21.f3 Bc5+ 22.Kh1 Be3 23.Qe2 
Nh5 0-1

[Event "HCL-C202"]
[Site "www.playchess.de"]
[Date "2001.04.08"]
[Round "4"]
[White "tiberiuskirk"]
[Black "Controler"]
[WhiteElo "1108"]
[BlackElo "1078"]
[PlyCount "46"]
[Result "0-1"]

1.e4 e5 2.Nf3 Nc6 3.Bb5 Nf6 4.O-O Nxe4 5.d4 f6 
6.dxe5 Nxe5 7.Nxe5 fxe5 8.Qh5+ g6 9.Qxe5+ Qe7 
10.Qxh8 Qg7 11.Qxg7 Bxg7 12.Re1 c6 13.Rxe4+ Kd8 
14.Bg5+ Kc7 15.Bf4+ Kb6 16.Be3+ Kxb5 17.Na3+ Ka5 
18.c3 b5 19.Re8 d5 20.b4+ Ka4 21.Nb1 a6 22.a3 Kb3 
23.Nd2+ Kxc3 0-1

[Event "HCL-B203"]
[Site "www.playchess.de"]
[Date "2001.04.08"]
[Round "1"]
[White "bjw29"]
[Black "BELAJ_BOY"]
[WhiteElo "1500"]
[BlackElo "1200"]
[PlyCount "44"]
[Result "0-1"]

1.e4 e5 {hi...good luck!}  2.Nf3 Nc6 3.Bb5 d6 4.d4 
exd4 5.Nxd4 Bd7 6.Bc4 Be7 7.Nc3 Nf6 8.h3 O-O 9.Be3 
a6 10.a3 Ne5 11.Be2 c5 12.Nb3 Bc6 13.f4 Ng6 14.Bf3 
Re8 15.g4 Qc7 16.g5 Nd7 17.h4 f6 18.h5 Nh8 19.Nd5 
Bxd5 20.Qxd5+ Kf8 21.Qf5 d5 22.g6 
h6 0-1

[Event "HCL-C201"]
[Site "www.playchess.de"]
[Date "2001.04.08"]
[Round "8"]
[White "Defcon_One"]
[Black "TuffGong"]
[WhiteElo "1000"]
[BlackElo "1410"]
[PlyCount "20"]
[Result "0-1"]

1.g3 {good luck}  d5 2.Nf3 Nf6 3.Nh4 e5 4.Bg2 Bc5 
5.O-O g5 6.Nf3 e4 7.Ne1 Ng4 8.e3 h5 9.d4 Bd6 
10.Nc3 {sorry i took so long}  
h4 0-1

[Event "HCL-A091"]
[Site "www.playchess.de"]
[Date "2001.04.08"]
[Round "4"]
[White "mel"]
[Black "Elmaestro"]
[WhiteElo "1111"]
[BlackElo "1700"]
[PlyCount "62"]
[Result "0-1"]

1.e3 e5 2.Ne2 Nc6 3.c3 e4 {how old do you?}  4.g3 
Nf6 5.Bg2 d5 6.b4 Ne5 7.Ba3 b5 8.Nf4 Bg4 9.Qc2 Qd7 
10.O-O g5 11.d4 Nf3+ 12.Bxf3 Bxf3 13.Nd2 gxf4 
14.Nxf3 exf3 15.exf4 Qh3 16.Qe2+ fxe2 17.Rfe1 
O-O-O 18.f3 Re8 19.Rab1 Bd6 20.Bc1 h5 21.Rb2 h4 
22.Rbxe2 Rxe2 23.Rxe2 Re8 24.Be3 hxg3 25.hxg3 Rh8 
26.Kf2 Qh2+ 27.Ke1 Qxg3+ 28.Kd2 Qxf3 29.Rf2 Ne4+ 
30.Ke1 Qxe3+ 31.Re2 Rh1+ 0-1

[Event "HCL-A094"]
[Site "www.playchess.de"]
[Date "2001.04.08"]
[Round "32"]
[White "Gorodish"]
[Black "JAVIER_12"]
[WhiteElo "1733"]
[BlackElo "1700"]
[PlyCount "23"]
[Result "1-0"]

1.d4 d5 2.Nf3 Nf6 3.Bg5 e6 4.e3 Nbd7 5.Bd3 c5 6.c3 
Qb6 7.Qc2 c4 8.Be2 Bd6 9.O-O h6 10.Bxf6 Nxf6 
11.Nbd2 O-O 12.Rfb1 1-0

[Event "HCL-E036"]
[Site "www.playchess.de"]
[Date "2001.04.08"]
[Round "6"]
[White "NOHAU"]
[Black "Merscheid"]
[WhiteElo "2173"]
[BlackElo "2156"]
[PlyCount "56"]
[Result "1/2-1/2"]

1.d4 f5 2.c4 e6 3.g3 Nf6 4.Bg2 Bb4+ 5.Bd2 Bxd2+ 
6.Qxd2 O-O 7.Nc3 Qe7 8.Nh3 d6 9.O-O c6 10.e4 fxe4 
11.Nxe4 Nxe4 12.Bxe4 e5 13.Ng5 h6 14.Nf3 Bf5 
15.Bxf5 Rxf5 {not yet !}  16.Nh4 Rf6 17.dxe5 dxe5 
18.Rad1 Na6 19.Qd7 Re8 20.Qxe7 Rxe7 21.Rfe1 Kf7 
22.Re3 Nb4 23.Nf3 e4 24.Ne1 Nxa2 25.Ra3 Nb4 
26.Rxa7 Rfe6 27.Ng2 Nd3 28.Ne3 
Kg6 1/2-1/2

[Event "HCL-C199"]
[Site "www.playchess.de"]
[Date "2001.04.08"]
[Round "16"]
[White "hhh"]
[Black "jackwolf"]
[WhiteElo "857"]
[BlackElo "1000"]
[PlyCount "39"]
[Result "1-0"]

1.e4 Nf6 2.d3 Nc6 3.Nf3 d5 4.e5 Bf5 5.exf6 exf6 
6.Be3 Bd6 7.Be2 Kf8 8.Nc3 g6 9.Qd2 b5 10.Nxb5 a6 
11.Nxd6 cxd6 12.O-O Rb8 13.Rfe1 Qb6 14.Bxb6 Rxb6 
15.Qh6+ Kg8 16.Rab1 Rb7 17.Kh1 Ne5 18.Nd4 Ng4 
19.Bxg4 Bxg4 20.Re8+ {see you bye bye} 
 1-0

[Event "HCL-B218"]
[Site "www.playchess.de"]
[Date "2001.04.08"]
[Round "2"]
[White "sonnygarcia"]
[Black "Translightor"]
[WhiteElo "1145"]
[BlackElo "1469"]
[PlyCount "86"]
[Result "0-1"]

1.e4 c5 {Hello again!}  2.c3 {hi !}  Nf6 3.e5 Nd5 
4.Nf3 Nc6 5.Bc4 e6 6.O-O Nb6 7.Bb3 d6 8.d4 cxd4 
9.cxd4 dxe5 10.dxe5 Qxd1 11.Rxd1 g6 12.Bg5 Bg7 
13.Bf6 Bxf6 14.exf6 Nd7 15.Ba4 Nxf6 16.Bxc6+ bxc6 
17.Na3 Nd5 18.Nc4 Ba6 19.Nce5 Rc8 20.Ng5 f6 
21.Ngf7 O-O 22.Nh6+ Kg7 23.Nd7 Kxh6 24.Nxf8 Rxf8 
25.Rac1 Rc8 26.a4 c5 27.Rde1 e5 28.Red1 Bb7 29.h4 
Kg7 30.g3 Kf7 31.b4 c4 32.a5 a6 33.Rd2 Ke6 34.Rdc2 
c3 35.Kf1 Bc6 36.Ke2 Ba4 37.Ra2 Bb5+ 38.Kd1 Nxb4 
39.Raa1 Rd8+ 40.Ke1 Nd3+ 41.Kd1 Nxc1+ 42.Kxc1 Kd5 
43.Kc2 Kc4 0-1

[Event "HCL-C216"]
[Site "www.playchess.de"]
[Date "2001.04.08"]
[Round "5"]
[White "Petra"]
[Black "tiberiuskirk"]
[WhiteElo "1022"]
[BlackElo "1085"]
[PlyCount "47"]
[Result "1-0"]

1.e4 e6 2.Nf3 d5 3.exd5 exd5 4.d4 Nf6 5.Nc3 Bb4 
6.Qe2+ Qe7 7.a3 Qxe2+ 8.Bxe2 Bxc3+ 9.bxc3 O-O 
10.O-O Re8 11.Bd3 Bg4 12.Re1 Nc6 13.Bd2 Bxf3 
14.gxf3 Rxe1+ 15.Rxe1 h5 16.c4 Nxd4 17.Re7 Nxf3+ 
18.Kg2 Nxd2 19.Rxc7 dxc4 20.Bxc4 Nxc4 21.Rxc4 a6 
22.a4 b5 23.axb5 axb5 24.Rb4 1-0

[Event "HCL-B212"]
[Site "www.playchess.de"]
[Date "2001.04.08"]
[Round "7"]
[White "Quina"]
[Black "serpens"]
[WhiteElo "1200"]
[BlackElo "1297"]
[PlyCount "31"]
[Result "1-0"]

1.d4 e6 2.c4 b6 3.Nc3 Bb4 4.Nf3 Bb7 5.Qc2 Nf6 
6.Bg5 c5 7.dxc5 bxc5 8.Rd1 d5 9.e3 O-O 10.a3 Ba5 
11.Bd3 d4 12.exd4 cxd4 13.Bxf6 Qxf6 14.Bxh7+ Kh8 
15.b4 Bc7 16.Ne4 1-0

[Event "HCL-B212"]
[Site "www.playchess.de"]
[Date "2001.04.08"]
[Round "22"]
[White "serpens"]
[Black "dg"]
[WhiteElo "1297"]
[BlackElo "1129"]
[PlyCount "58"]
[Result "0-1"]

1.e4 e5 2.Nf3 Nc6 3.Bb5 d6 4.d4 Bd7 5.Nc3 a6 
6.Bxc6 bxc6 7.O-O Bg4 8.h3 Bh5 9.Qd3 Bxf3 10.gxf3 
Qf6 11.dxe5 Qxe5 12.Ne2 d5 13.Bf4 Qxb2 14.exd5 Qf6 
15.Bxc7 Qg5+ 16.Bg3 cxd5 17.Rfe1 Be7 18.Nc3 Nf6 
19.Re5 Qg6 20.Qxg6 hxg6 21.Rae1 Ra7 22.Nxd5 Nxd5 
23.c4 Nb4 24.c5 Nc6 25.R5e4 O-O 26.Bd6 Bxd6 
27.cxd6 Rd8 28.Rc1 Na5 29.Rc7 Raa8 0-1

[Event "HCL-C220"]
[Site "www.playchess.de"]
[Date "2001.04.08"]
[Round "7"]
[White "Paulus"]
[Black "tiberiuskirk"]
[WhiteElo "806"]
[BlackElo "1085"]
[PlyCount "41"]
[Result "1-0"]

1.e4 e6 2.d4 d5 3.Nc3 Bb4 4.a3 Bxc3+ 5.bxc3 dxe4 
6.f3 exf3 7.Nxf3 Nf6 8.Bd3 O-O 9.O-O c5 10.Bg5 
cxd4 11.cxd4 Nbd7 12.Ne5 Qb6 13.c3 Nxe5 14.Bxf6 
Nxd3 15.Qg4 g6 16.Qh4 e5 17.Qh6 Qxf6 18.Rxf6 Nf4 
19.dxe5 Ne2+ 20.Kf2 Nxc3 21.Rf4 1-0

[Event "HCL-C223"]
[Site "www.playchess.de"]
[Date "2001.04.08"]
[Round "4"]
[White "lienk"]
[Black "Trodat"]
[WhiteElo "1070"]
[BlackElo "1277"]
[PlyCount "75"]
[Result "1-0"]

1.e4 e5 2.Nf3 Nf6 3.Nxe5 d6 4.Nf3 Nxe4 5.Qe2 d5 
6.c4 Bf5 7.d3 Bb4+ 8.Bd2 O-O 9.Bxb4 Re8 10.Kd1 Nc6 
11.dxe4 Bxe4 12.c5 Bxf3 13.Qxf3 Nxb4 14.Nc3 c6 
15.a3 Na6 16.Bd3 g6 17.Qg4 Nxc5 18.Bc2 d4 19.Ne4 
d3 20.Nxc5 dxc2+ 21.Kxc2 b6 22.Ne4 Re6 23.Rad1 Qe7 
24.Rhe1 Rd8 25.f3 f5 26.Nf6+ Qxf6 27.Rxe6 Qxe6 
28.Rxd8+ Kf7 29.Qd4 Qe2+ 30.Qd2 Qxd2+ 31.Kxd2 Ke7 
32.Ra8 a5 33.Ra7+ Kf6 34.Ra6 c5 35.Rxb6+ Kg5 
36.Ra6 c4 37.Rxa5 h5 38.Ra4 1-0

[Event "HCL-C224"]
[Site "www.playchess.de"]
[Date "2001.04.08"]
[Round "36"]
[White "flywheel"]
[Black "ictus"]
[WhiteElo "1207"]
[BlackElo "1176"]
[PlyCount "29"]
[Result "1-0"]

1.d4 e6 2.Nf3 Nf6 3.Bg5 c5 4.dxc5 Bxc5 5.e4 Be7 
6.Bb5 O-O 7.Nc3 Nc6 8.O-O a6 9.Ba4 b5 10.Bb3 Nxe4 
11.Bxe7 Qxe7 12.Nxe4 d5 13.Neg5 h6 14.Nh3 Na5 
15.a4 1-0

[Event "HCL-A103"]
[Site "www.playchess.de"]
[Date "2001.04.08"]
[Round "5"]
[White "jmcerna"]
[Black "ppicollo"]
[WhiteElo "1550"]
[BlackElo "1700"]
[PlyCount "46"]
[Result "0-1"]

1.e4 {Hola pp}  e5 {hola jm mi nombre es Pablo y 
te mando un abrazo desde este lado de la 
cordillera}  2.Nf3 {Mucho gusto Pablo.  Yo soy 
Jose Miguel y vivo en Santiago.}  Nc6 {yo vivo en 
Buenos Aires}  3.Bb5 a6 4.Ba4 Nf6 {como anda la 
vida por Santiago?}  5.d3 {Del trabajo a la Casa.  
¿Que haces tu por alla?}  b5 {igual que vos}  
6.Bb3 {Dificil que baires sea una mierda como 
Santiago}  Be7 {porque?}  7.Nbd2 {Porque es feo, 
lleno de Smog y la gente anda todo el dia a mil 
por hora.  Y  todos endeudados}  O-O {estamos 
todos endeudados en sudamerica}  8.c3 {Eso es 
verdad.}  Bb7 {el otro dia estuve jugando dominó 
con un compatriota tuyo que vive en oregon  USA}  
9.Nf1 {¿y Quien gano?}  d5 {no me acuerdo pero 
hablabamos de la situacion en argentina y chile y 
el me explicaba que alla estaba}  10.exd5 Nxd5 
11.Ng3 {¿Aqui estaba como?}  Qd7 {que alla en 
chile estaba muy mal y en oregon le va muy bien}  
12.O-O {A todos nuestros paises por lo general les 
pasa lo mismo}  Rad8 {asi es}  13.Re1 Bf6 14.a4 b4 
15.c4 Nf4 16.d4 Nxd4 17.Nxd4 Qxd4 18.Qxd4 Rxd4 
19.f3 Nd3 20.Rd1 Nxc1 21.Raxc1 Rfd8 22.Kf2 R4d2+ 
23.Ne2 Rxb2 {perdon por la demora; pero tengo un 
problema personal; que no me permitió jugar estos 
dias.}  0-1

[Event "HCL-C222"]
[Site "www.playchess.de"]
[Date "2001.04.08"]
[Round "5"]
[White "nikk"]
[Black "ictus"]
[WhiteElo "1223"]
[BlackElo "1176"]
[PlyCount "21"]
[Result "1-0"]

1.e4 e6 2.d4 d5 3.Nc3 Bb4 4.e5 c5 5.a3 Ba5 6.b4 
cxd4 7.Nb5 Bc7 8.f4 Ne7 9.Nf3 Bd7 10.Nbxd4 Nbc6 
11.Bd3 1-0

[Event "HCL-A102"]
[Site "www.playchess.de"]
[Date "2001.04.08"]
[Round "18"]
[White "deadeasy"]
[Black "Stiki"]
[WhiteElo "1902"]
[BlackElo "1700"]
[PlyCount "85"]
[Result "1-0"]

1.d4 {hello from london. i look forward to an 
interesting game}  d5 {Hello from Sofia,and good 
luck!}  2.e4 dxe4 3.Nc3 e5 4.Nxe4 {welcome back 
again}  exd4 5.Bc4 Be7 6.Qh5 g6 7.Qe2 Be6 8.Bxe6 
fxe6 9.Nf3 Nc6 10.O-O Qd5 11.c4 d3 {Quick draw 
with a player,rated 344 points below you?!Why?}  
12.Qe3 {1. boring game 2. reducing number of 
games, shifting from hcl to acl}  Qxc4 {I see}  
13.b3 Qd5 14.Bb2 e5 15.Nc3 Qc5 16.Qxd3 Nf6 17.Ne4 
Nxe4 18.Qxe4 O-O-O 19.Nxe5 Nxe5 20.Bxe5 Rhe8 
21.Rac1 Qb6 22.Bxc7 Qxc7 23.Qe6+ Kb8 24.Rxc7 Kxc7 
25.Qf7 Kb8 26.Qxh7 Bc5 27.Qxg6 Ref8 28.h3 Rd2 
29.Qg3+ {have i grabbed one pawn too many here?}  
Ka8 {No,28.Bf2 or 28.Rf2 was losing material.}  
30.a4 a5 31.h4 {has to be right, it is the only 
plan i can find ;-)}  Rd5 32.Qc3 Bb6 33.g3 Rdf5 
34.Qc2 Rc5 35.Qd2 Rf3 36.Kg2 Rxb3 37.h5 Rbc3 
38.Rb1 Ka7 39.h6 R3c2 40.Qd1 R5c8 41.Rxb6 Kxb6 
42.h7 R2c6 {OK,that is good,but 42.Q:c2 was more 
spectaqular.}  43.h8Q {%}  1-0

[Event "HCL-B237"]
[Site "www.playchess.de"]
[Date "2001.04.08"]
[Round "8"]
[White "uiai"]
[Black "sboehnisch"]
[WhiteElo "1220"]
[BlackElo "1200"]
[PlyCount "41"]
[Result "1-0"]

1.c4 e5 2.Nc3 Bc5 3.e3 f5 4.d4 Bd6 5.Nf3 Nc6 6.Be2 
exd4 7.exd4 b6 8.O-O Nf6 9.Bd3 g6 10.Bh6 Ng4 
11.Re1+ Ne7 12.Bg7 Rg8 13.Be5 Bb7 14.Bxd6 cxd6 
15.Qe2 d5 16.h3 dxc4 17.Bxc4 Rf8 18.hxg4 fxg4 
19.Ng5 d5 20.Bb5+ Qd7 21.Qxe7+ 1-0

[Event "HCL-C238"]
[Site "www.playchess.de"]
[Date "2001.04.08"]
[Round "7"]
[White "Tic"]
[Black "tiberiuskirk"]
[WhiteElo "1000"]
[BlackElo "1093"]
[PlyCount "41"]
[Result "1-0"]

1.e4 e6 2.Nf3 d5 3.exd5 exd5 4.d4 Bg4 5.Qe2+ Qe7 
6.Qxe7+ Bxe7 7.Nc3 Bxf3 8.gxf3 Nf6 9.Nb5 Kd7 
10.Bh3+ Kc6 11.a4 a6 12.Nc3 Bb4 13.Bd2 Re8+ 14.Ne2 
Bxd2+ 15.Kxd2 Nbd7 16.Bxd7+ Nxd7 17.Rhe1 Nb6 18.b3 
Re6 19.a5 Nd7 20.Reg1 Rae8 21.Nf4 1-0

[Event "ACL-A113"]
[Site "www.playchess.de"]
[Date "2001.04.08"]
[Round "8"]
[White "RMil"]
[Black "bomber"]
[WhiteElo "1500"]
[BlackElo "1500"]
[PlyCount "27"]
[Result "1-0"]

1.d4 Nf6 2.Nf3 {Hello, my name is Richard.  Nice 
playing with you.  There aren't many Americans on 
this site yet?}  e6 3.Nc3 d6 {It is nice meeting 
you. No there are not. About 80% are from other 
places.}  4.e4 Nc6 5.Bb5 Bd7 6.O-O a6 7.Bxc6 Bxc6 
8.Be3 Nxe4 9.Qd3 Nxc3 10.Qxc3 Bxf3 11.gxf3 Be7 
12.Rad1 O-O 13.d5 Bg5 14.f4 1-0

[Event "HCL-B234"]
[Site "www.playchess.de"]
[Date "2001.04.08"]
[Round "7"]
[White "RMil"]
[Black "mladsir"]
[WhiteElo "1200"]
[BlackElo "1048"]
[PlyCount "46"]
[Result "0-1"]

1.e4 c5 2.Nc3 Nc6 3.d3 {Can you understand 
English?  Having a good day today?}  e6 
{Perfectly.Yes (actualy evening). You?}  4.Bf4 
{Glad you understand english! :)  Very nice to 
play a game with you! Do you have an e-mail 
address?}  d6 {of course1 - mladsir@yahoo.com, 
why?}  5.Nf3 {I asked for your add. in case u care 
to write. Are u physically in Croatia?}  Nf6 {Yes 
i am! Do you play chess in some real club? Do you 
have some rating (ELO, USCF..)?}  6.Qd2 a6 7.d4 
cxd4 8.Nxd4 Nxd4 9.Qxd4 {I'm sorry -- I didn't 
write down your e-mail address.  Please give to me 
again.}  e5 10.Bxe5 {nice move! :)}  dxe5 11.Qxe5+ 
Be6 12.Bc4 {I just sent you an e-mail a little bit 
ago.  Did you get it?}  Bd6 {sorry! i gotta go so 
i don't have time to look at it! I'll check it out 
tomorrow}  13.Qd4 Qc7 14.b3 Bxc4 15.Qxc4 Qxc4 
16.bxc4 Be5 17.Rb1 Bxc3+ 18.Kd1 {you are doing 
well !}  O-O-O+ 19.Ke2 {Thanks for sending an 
e-mail.  I wrote you a nice long reply.  Hope 
things are well with you today.}  Nxe4 {Things are 
rolling normaly. I can't wait for the summer! It's 
not long like in Florida but it's ok!}  20.Rb3 
Rhe8 21.f3 Nc5+ 22.Kf2 Nxb3 23.Kg3 
Nd4 0-1

[Event "HCL-B239"]
[Site "www.playchess.de"]
[Date "2001.04.08"]
[Round "4"]
[White "serpens"]
[Black "Naptime"]
[WhiteElo "1119"]
[BlackElo "1500"]
[PlyCount "22"]
[Result "0-1"]

1.e4 c6 2.d4 d5 3.e5 Bf5 4.Nf3 e6 5.Be2 Nd7 6.Be3 
c5 7.c4 dxc4 8.O-O cxd4 9.Bxd4 Bc5 10.Bxc5 Nxc5 
11.Bxc4 Qxd1 0-1

[Event "ACL-A131"]
[Site "www.playchess.de"]
[Date "2001.04.08"]
[Round "14"]
[White "Iaret"]
[Black "ggaarrii"]
[WhiteElo "1724"]
[BlackElo "1211"]
[PlyCount "45"]
[Result "1-0"]

1.d4 d5 2.Nf3 f5 3.e3 Nf6 4.Nc3 c6 5.Bd3 e6 6.Bd2 
Be7 7.O-O O-O 8.a3 Ne4 9.Ne2 b6 10.Rc1 Ba6 11.Nf4 
Rf6 12.Qe2 Bxd3 13.cxd3 Nxd2 14.Qxd2 c5 15.dxc5 
Bxc5 16.d4 Bd6 17.Rc3 Nd7 18.Rfc1 Qe7 19.Qe2 e5 
20.Nxd5 Qe6 21.Nxf6+ Qxf6 22.Qb5 Nf8 
23.Qd5+ 1-0

[Event "HCL-B246"]
[Site "www.playchess.de"]
[Date "2001.04.08"]
[Round "5"]
[White "Mother_Teresa"]
[Black "Antagonist"]
[WhiteElo "1189"]
[BlackElo "1500"]
[PlyCount "51"]
[Result "1-0"]

1.e4 Nf6 2.Nc3 e6 3.Nf3 d5 4.Bb5+ c6 5.Ba4 b5 
6.Bb3 dxe4 7.Ng1 Bb4 8.Nge2 O-O 9.O-O c5 10.Nxb5 
a6 11.Nbc3 e5 12.a3 Bxc3 13.dxc3 Qxd1 14.Rxd1 Bg4 
15.Bc4 Nc6 16.Bg5 Nh5 17.h3 Bxe2 18.Bxe2 f6 
19.Bxh5 fxg5 20.Rd6 Rf6 21.Rad1 Rxd6 22.Rxd6 Na5 
23.b3 g6 24.Bg4 Nb7 25.Re6 h5 26.Rxg6+ 1-0

[Event "HCL-C239"]
[Site "www.playchess.de"]
[Date "2001.04.08"]
[Round "19"]
[White "fossa"]
[Black "Coney"]
[WhiteElo "763"]
[BlackElo "1109"]
[PlyCount "116"]
[Result "0-1"]

1.e3 e5 2.Nf3 e4 3.Nd4 Nf6 4.b3 d5 5.Nc3 Bc5 6.h3 
Bxd4 7.exd4 O-O 8.d3 exd3 9.Qxd3 Re8+ 10.Be2 h6 
11.Qg3 Kf8 12.Ba3+ Kg8 13.O-O a6 14.Rae1 Nc6 
15.Bc1 Kf8 16.Be3 Ne4 17.Nxe4 dxe4 18.c3 Bf5 
19.Qf4 Bg6 20.h4 Qd6 21.Qxd6+ cxd6 22.g4 d5 23.h5 
Bh7 24.Bf4 b5 25.f3 exf3 26.Bxf3 Rxe1 27.Rxe1 Rd8 
28.Bc7 Rd7 29.Bb6 f5 30.Re6 Nb8 31.gxf5 Bxf5 
32.Bc5+ Kf7 33.Rb6 Rd8 34.Bxd5+ Rxd5 35.Rxb8 Bb1 
36.Rf8+ Ke6 37.Ra8 Rxh5 38.Rxa6+ Kd5 39.Kf2 Ke4 
40.a4 bxa4 41.bxa4 Rf5+ 42.Kg3 Kd3 43.Bb4 Ba2 
44.Rg6 Rf7 45.a5 Bd5 46.a6 Rf3+ 47.Kg4 Rf1 48.a7 
Rg1+ 49.Kh5 Bf3+ 50.Rg4 Bxg4+ 51.Kg6 Bf3+ 52.Kf5 
h5 53.Ke5 Ba8 54.d5 Re1+ 55.Kd6 Kc4 56.Kc7 Bxd5 
57.Kb8 h4 58.a8Q {%}  Bxa8 0-1

[Event "HCL-B249"]
[Site "www.playchess.de"]
[Date "2001.04.08"]
[Round "1"]
[White "victor"]
[Black "perell"]
[WhiteElo "1275"]
[BlackElo "1551"]
[PlyCount "24"]
[Result "0-1"]

1.e4 c6 {Hi, from Brasil...}  2.d4 d5 3.e5 Bf5 
4.Nf3 e6 {From where are you?}  5.Be2 Nd7 6.Be3 
Qb6 7.b3 c5 8.c4 dxc4 9.Bxc4 cxd4 10.Bxd4 Bb4+ 
11.Nc3 Qa5 12.Qd2 Ne7 0-1

[Event "HCL-B244"]
[Site "www.playchess.de"]
[Date "2001.04.08"]
[Round "8"]
[White "damage_kase"]
[Black "Bill"]
[WhiteElo "1379"]
[BlackElo "1304"]
[PlyCount "58"]
[Result "0-1"]

1.d4 d5 2.Nf3 Nf6 3.Bg5 Ne4 4.Bh4 c5 5.c3 Qb6 
6.Qb3 Qxb3 7.axb3 cxd4 8.Nxd4 Nc6 9.e3 a6 10.Na3 
Nxd4 11.exd4 Bf5 12.Bd3 Nxf2 13.Bxf5 Nxh1 14.Kd2 
e6 15.Bd3 g5 16.Be1 Bd6 17.c4 Bxh2 18.Nc2 Rd8 
19.cxd5 Rxd5 20.Be4 Rd7 21.Kc3 O-O 22.g4 Ng3 
23.Bxg3 Bxg3 24.Rh1 f5 25.gxf5 exf5 26.Bd3 Rc7+ 
27.Kd2 Kg7 28.Ne3 Bf4 29.Rh3 Re7 0-1

[Event "HCL-A114"]
[Site "www.playchess.de"]
[Date "2001.04.08"]
[Round "3"]
[White "janb"]
[Black "Karen"]
[WhiteElo "1887"]
[BlackElo "1700"]
[PlyCount "61"]
[Result "1-0"]

1.e4 c5 2.Nf3 d6 3.d4 cxd4 4.Nxd4 Nf6 5.Nc3 a6 
6.Be2 e6 7.Be3 Be7 8.O-O O-O 9.f4 Qc7 10.Qd2 b6 
11.Bf3 Bb7 12.Rad1 Rd8 13.Qf2 Nbd7 14.Nde2 Nc5 
15.e5 Ne8 16.f5 exf5 17.Nd5 Bxd5 18.Bxd5 Ra7 
19.Qxf5 Bf8 20.b4 Na4 21.Bg5 Rb8 22.e6 Nf6 23.Bxf6 
gxf6 24.Qxf6 Bg7 25.exf7+ Kh8 26.f8Q+ {%}  Rxf8 
27.Qxf8+ Bxf8 28.Rxf8+ Kg7 29.Rg8+ Kh6 30.Nd4 Qd7 
31.Rd3 1-0

[Event "HCL-B226"]
[Site "www.playchess.de"]
[Date "2001.04.08"]
[Round "13"]
[White "ciceradecarvalho"]
[Black "gingy"]
[WhiteElo "1200"]
[BlackElo "1200"]
[PlyCount "55"]
[Result "1-0"]

1.e4 e6 {HI FROM LIVERPOOL UK}  2.d4 d5 3.e5 {hi 
fro Rio de Janeiro}  Bd7 4.c4 c6 5.Nf3 Bb4+ 6.Nbd2 
Ne7 7.a3 Ba5 8.b4 Bb6 9.c5 Bc7 10.Bd3 b6 11.Qc2 
bxc5 12.dxc5 Ng6 13.Bxg6 hxg6 14.Nf1 Rh5 15.Ng3 
Bxe5 16.Bb2 Bxg3 17.fxg3 Bc8 18.Bxg7 Ba6 19.h4 Qc7 
20.Qf2 Nd7 21.Ng5 f5 22.Nxe6 Qb7 23.Qf4 Kf7 
24.O-O-O Kxe6 25.Qd6+ Kf7 26.Rde1 Kxg7 27.Re7+ Kh8 
28.Qxg6 1-0

[Event "HCL-B266"]
[Site "www.playchess.de"]
[Date "2001.04.08"]
[Round "3"]
[White "BvB09"]
[Black "Think"]
[WhiteElo "1500"]
[BlackElo "1810"]
[PlyCount "50"]
[Result "0-1"]

1.e4 e6 {Hi woher kommst du eigentlich?}  2.Nf3 d5 
3.exd5 exd5 4.d4 Bd6 5.Nc3 c6 6.Qe2+ Ne7 
{Tempoverlust!}  7.Bd2 {was meinst du mit 
tempoverlust???}  O-O {He! endlich schreibst du 
mal! Ich meine: De2 war schwach-versperrt Läufer 
ich entwickle den Springer}  8.O-O-O {ach egla,ich 
spiele nur zum spaß ob ich gewinne oder verliere 
das ist mir egal und dir?spielst du im}  b5 {was 
wolltest du sagen? ich spiele imclub}  9.Ne5 {ich 
spiele auch im Verein wo wohnst du?}  b4 {In 
Dresden und du?}  10.Na4 {Bielefeld wie alt bist 
du?}  Nd7 {15 ich weiß: du bist 14}  11.Bf4 
{spielst du im Verein?}  f6 {Patzt du öfters?}  
12.Nxd7 {nein warum?wo hab ich den gepatzt?}  
Bxf4+ {na ja ich gewinne eine Figur! Sg6 hätte sie 
gerettet!!!}  13.Kb1 {ok hast recht,aber egal wenn 
ich verliere.}  Bxd7 {ich fänd's gut!;-)}  14.Nc5 
{mal ne frage wie kann man remie anbieten?}  Rb8 
{indem du "offer draw" anklickst. (steht unter 
Move!)}  15.Ne6 {kann ich nicht finden.}  Bxe6 
{musst mal ne mail an Thomas Stahl schicken 
(Webmaster von playchess bist du Dortmund Fan ?}  
16.g3 {ja bin ich warum?kann man auch aufgeben?}  
Bd6 {nur so bvbo9!Ja einfach resign drücken!}  
17.Qxe6+ {wollen wir wieder in einer gruppe 
spielen?}  Kh8 {können wir machen! aber bitte mit 
5 Spielern! ich spiele viele Turniere zu gleich!}  
18.Bd3 {ok,ich spiele auch mehrere.}  f5 19.c4 Rf6 
20.Qe2 {wollen wir nicht ein remi machen oder 
willst du das tunier gewinnen?}  b3 {Glaub ich 
nich, dass ich dass Tunier gewinne; aber dieses 
Spiel!;-)}  21.cxd5 {komm schon remie.was kann man 
hier eigentlich gewinnen?}  bxa2+ {die Ehre! 
(außerdem kannst du in eine bessere Liga 
aufsteigen!); es gibt glaube manchmal Preisgeld!}  
22.Kxa2 {wie kann man aufsteigen?}  Nxd5 {Wenn du 
ein Tunier gewinnst!}  23.Bc4 {z.b wer das gewinnt 
wo wir spielen?und wohin steigt man dann?}  Nc3+ 
{Man steigt dann (in unsrerem Fall) von der B in 
Liga C! die nächste ist D... Ich mach Ferien! 
(14d)}  24.Ka1 {ok hast gewonnen,ich hoffe wir 
spieln mal wieder ich will revanch ok?}  Qa5+ 
25.Ba2 Qxa2+ 0-1

[Event "HCL-B265"]
[Site "www.playchess.de"]
[Date "2001.04.08"]
[Round "6"]
[White "quant"]
[Black "soymilk"]
[WhiteElo "1254"]
[BlackElo "1177"]
[PlyCount "36"]
[Result "1/2-1/2"]

1.e4 e6 {Here's to an interesting and challenging 
game!}  2.d4 d5 3.Nd2 Nf6 4.e5 Nfd7 5.f4 c5 6.Ngf3 
Nc6 7.c3 f6 8.Be2 fxe5 9.fxe5 cxd4 10.cxd4 Nxd4 
11.O-O Bc5 12.Kh1 O-O 13.Bd3 Qc7 14.Nxd4 Bxd4 
15.Nf3 Bxe5 16.Bxh7+ Kxh7 17.Ng5+ Kg8 18.Nxe6 
Qd6 1/2-1/2